<The> Standard for Program Management

Salvato in:
Dettagli Bibliografici
Natura: Libro
Lingua:inglese
Pubblicazione: Pennsylvania Project Management Institute 2017
Edizione:4th Edition
Soggetti:
Tags: Aggiungi Tag
Nessun Tag, puoi essere il primo ad aggiungerne!!

MARC

LEADER 00000nam a2200000 4500
001 0279811
005 20240416113823.5
020 |a 978-1-62825-196-8 
041 0 |a eng 
044 |a US 
245 1 0 |a <The> Standard for Program Management 
250 |a 4th Edition 
264 1 |a Pennsylvania  |b Project Management Institute  |c 2017 
300 |a 179 s. 
610 2 0 |a manažment 
610 2 0 |a programy 
610 2 0 |a manažéri 
610 2 0 |a riadenie projektové 
610 2 0 |a projekty 
610 2 0 |a štandardy 
610 2 0 |a plánovanie 
610 2 0 |a kontrola 
610 2 0 |a portfólio